Mäkihypyn maailmancupin kokonaiskilpailun voittajat: miehet - Statistics

Yleistilastot
  • Tätä visaa on pelattu 73 kertaa
  • Keskiarvotulos 23 / 43
Vastaustilastot
Kausi Mäkihyppääjä Kansallisuus % Oikein
2004-2005 Janne Ahonen Suomi
97%
2003-2004 Janne Ahonen Suomi
97%
1987-1988 Matti Nykänen Suomi
90%
1985-1986 Matti Nykänen Suomi
90%
1984-1985 Matti Nykänen Suomi
90%
1982-1983 Matti Nykänen Suomi
90%
1991-1992 Toni Nieminen Suomi
72%
2017-2018 Kamil Stoch Puola
70%
2013-2014 Kamil Stoch Puola
70%
2019-2020 Stefan Kraft Itävalta
68%
2016-2017 Stefan Kraft Itävalta
68%
2021-2022 Ryōyū Kobayashi Japani
65%
2018-2019 Ryōyū Kobayashi Japani
65%
2009-2010 Simon Amman Sveitsi
65%
2015-2016 Peter Prevc Slovenia
63%
2006-2007 Adam Małysz Puola
62%
2002-2003 Adam Małysz Puola
62%
2001-2002 Adam Małysz Puola
62%
2000-2001 Adam Małysz Puola
62%
2012-2013 Gregor Schlierenzauer Itävalta
57%
2008-2009 Gregor Schlierenzauer Itävalta
57%
2020-2021 Halvor Egner Granerud Norja
55%
2010-2011 Thomas Morgenstern Itävalta
52%
2007-2008 Thomas Morgenstern Itävalta
52%
2005-2006 Jakub Janda Tšekki
50%
1983-1984 Jens Weißflog Itä-Saksa
47%
1995-1996 Andreas Goldberger Itävalta
45%
1994-1995 Andreas Goldberger Itävalta
45%
1992-1993 Andreas Goldberger Itävalta
45%
1989-1990 Ari-Pekka Nikkola Suomi
45%
2014-2015 Severin Freund Saksa
45%
1999-2000 Martin Schmitt Saksa
42%
1998-1999 Martin Schmitt Saksa
42%
1988-1989 Jan Boklöv Ruotsi
37%
1997-1998 Primož Peterka Slovenia
37%
1996-1997 Primož Peterka Slovenia
37%
1990-1991 Andreas Felder Itävalta
27%
1993-1994 Espen Bredesen Norja
27%
2011-2012 Anders Bardal Norja
25%
1981-1982 Armin Kogler Itävalta
12%
1980-1981 Armin Kogler Itävalta
12%
1986-1987 Vegard Opaas Norja
10%
1979-1980 Hubert Neuper Itävalta
8%
Ehtoja vastaavia visoja ei löytynyt
Tulosjakauma
Jokaisen tuloksen saaneiden osuus
Persentiili vastausten määrän mukaan
Tuloshistoriasi
Et ole pelannut tätä visaa